[Event "Offene Hessische Senioren Einzelmeisters"]
[Site "Bad Sooden- Allendorf"]
[Date "2013.04.21"]
[Round "2.53"]
[White "Essegern, Dr. Kurt"]
[Black "Richter, Stefan"]
[Result "1-0"]
[WhiteElo "1952"]
[BlackElo "1556"]
[PlyCount "53"]
[EventDate "2013.??.??"]
[WhiteTeam "Randspringer Bad Salzungen"]
[BlackTeam "SV Empor West Zwickau"]

1. e4 c5 2. Nf3 b6 3. d4 cxd4 4. Nxd4 Bb7 5. Nc3 a6 6. Be2 e6 7. O-O Nc6 8. a3
Bc5 9. Nb3 Be7 10. f4 d6 11. Be3 b5 12. Bf3 Bf6 13. Qd2 Qc7 14. Rad1 Rd8 15.
Qf2 Qb8 16. Bb6 Rd7 17. e5 Be7 18. Ne4 Nh6 19. exd6 Bxd6 20. Nxd6+ Rxd6 21.
Rxd6 Qxd6 22. Rd1 Qxd1+ 23. Bxd1 O-O 24. Bf3 Rc8 25. Qd2 Nf5 26. Qd7 Nfe7 27.
Qxb7 1-0

[Event "Offene Hessische Senioren Einzelmeisters"]
[Site "Bad Sooden- Allendorf"]
[Date "2013.04.21"]
[Round "2.54"]
[White "Barlo, Werner"]
[Black "Schumacher, Helmut"]
[Result "1/2-1/2"]
[WhiteElo "1579"]
[BlackElo "1902"]
[PlyCount "51"]
[EventDate "2013.??.??"]
[WhiteTeam "SK Zehlendorf e.V."]
[BlackTeam "DJK Aufwärts St. Josef Aachen 19"]

1. d4 d5 2. Nf3 c6 3. c4 e6 4. g3 Nf6 5. Qc2 Be7 6. Bg2 O-O 7. O-O Nbd7 8. Nbd2
b6 9. b3 Bb7 10. Bb2 Rc8 11. Ne5 Nxe5 12. dxe5 Nd7 13. Rfd1 Qc7 14. Nf3 Rfd8
15. Rac1 dxc4 16. Qxc4 c5 17. Qf4 Nf8 18. Ng5 Bxg5 19. Qxg5 Bxg2 20. Kxg2 h6
21. Qe3 Ng6 22. Rd3 Rd7 23. Rcd1 Rcd8 24. f4 Ne7 25. Qe4 Rxd3 26. Rxd3 1/2-1/2

[Event "Offene Hessische Senioren Einzelmeisters"]
[Site "Bad Sooden- Allendorf"]
[Date "2013.04.21"]
[Round "2.55"]
[White "Garbe, Eckhard"]
[Black "Kempen, Willi"]
[Result "0-1"]
[WhiteElo "1434"]
[BlackElo "1888"]
[PlyCount "62"]
[EventDate "2013.??.??"]
[WhiteTeam "SV Blau-Weiß Grevesmühlen"]
[BlackTeam "Rheydter SV 1920"]

1. d4 d5 2. Nf3 e6 3. c4 c6 4. e3 Nf6 5. Nc3 Bd6 6. cxd5 exd5 7. Bd3 Bg4 8. h3
Bh5 9. Be2 Nbd7 10. O-O Rc8 11. Bd2 Bb8 12. Rc1 a6 13. Na4 Qc7 14. g3 Ne4 15.
Qe1 O-O 16. Nc3 Ndf6 17. Ne5 Rfe8 18. Bxh5 Nxh5 19. Nxd5 Qd6 20. Nc3 Nxd2 21.
Qxd2 Rxe5 22. Qd1 Rd5 23. Ne4 Qe6 24. Nc5 Qxh3 25. Nxb7 Nxg3 26. f4 Rh5 27. Rc2
Nxf1 28. Qxf1 Qh1+ 29. Kf2 Rh2+ 30. Ke1 Qxf1+ 31. Kxf1 Rxc2 0-1

[Event "Offene Hessische Senioren Einzelmeisters"]
[Site "Bad Sooden- Allendorf"]
[Date "2013.04.21"]
[Round "2.56"]
[White "Van Dongen, Rob"]
[Black "Brahn, Helmut"]
[Result "1-0"]
[WhiteElo "1839"]
[BlackElo "1547"]
[PlyCount "67"]
[EventDate "2013.??.??"]
[WhiteTeam "VAS Amsterdam"]
[BlackTeam "SG Springer Burghaun"]

1. d4 d5 2. c4 e6 3. Nc3 Nf6 4. Bg5 Nbd7 5. cxd5 exd5 6. e3 Be7 7. Nf3 a6 8.
Bd3 O-O 9. O-O Re8 10. Rc1 b5 11. Bb1 Bb7 12. Qc2 Rc8 13. Rfd1 Ne4 14. Bf4 g6
15. Nxe4 dxe4 16. Bxc7 Rxc7 17. Qxc7 exf3 18. Qxb7 fxg2 19. Rc7 Nc5 20. Qa7 Bd6
21. Rxf7 Bxh2+ 22. Kxg2 Qg5+ 23. Kf1 Ne6 24. Rxh7 Qg1+ 25. Ke2 Nf4+ 26. Kd2
Qxf2+ 27. Kc3 Rc8+ 28. Kb3 Qxe3+ 29. Rd3 Qe6+ 30. d5 Qf6 31. Rxh2 Nxd3 32. Qh7+
Kf8 33. Qh8+ Ke7 34. Rh7+ 1-0

[Event "Offene Hessische Senioren Einzelmeisters"]
[Site "Bad Sooden- Allendorf"]
[Date "2013.04.21"]
[Round "2.57"]
[White "Hielscher, Klaus"]
[Black "Scheide, Helmut"]
[Result "0-1"]
[WhiteElo "1519"]
[BlackElo "1824"]
[PlyCount "48"]
[EventDate "2013.??.??"]
[WhiteTeam "Braunschweiger SF"]
[BlackTeam "USV Potsdam e.V., Abt. Schach"]

1. c4 Nf6 2. g3 e5 3. Bg2 d6 4. Nc3 Nc6 5. e3 Bf5 6. d3 Qd7 7. h3 h5 8. e4 Be6
9. Bg5 Be7 10. Bxf6 Bxf6 11. Nge2 O-O-O 12. O-O Bxh3 13. Nd5 Bxg2 14. Nxf6 Qh3
15. f4 Bxf1 16. Qxf1 Qxf1+ 17. Rxf1 gxf6 18. f5 h4 19. Kg2 Rdg8 20. Rg1 Nd4 21.
Nc3 Rxg3+ 22. Kh2 Rhg8 23. Rxg3 Rxg3 24. Nd5 Nf3+ 0-1

[Event "Offene Hessische Senioren Einzelmeisters"]
[Site "Bad Sooden- Allendorf"]
[Date "2013.04.21"]
[Round "2.58"]
[White "Rollwitz, Inge"]
[Black "Ripoll, Luis"]
[Result "1/2-1/2"]
[WhiteElo "1231"]
[BlackElo "1803"]
[PlyCount "38"]
[EventDate "2013.??.??"]
[WhiteTeam "SG Wedding e.V."]
[BlackTeam "SK Lister Turm"]

1. d4 Nf6 2. g3 g6 3. Bg2 Bg7 4. Nf3 O-O 5. c4 d6 6. Nc3 c6 7. O-O Nbd7 8. Qc2
h6 9. Re1 e5 10. e3 Re8 11. dxe5 Nxe5 12. Nxe5 dxe5 13. Rd1 Qc7 14. e4 Be6 15.
b3 Rad8 16. Bb2 Bf8 17. Rxd8 Rxd8 18. Rd1 Rxd1+ 19. Qxd1 Qd7 1/2-1/2

[Event "Offene Hessische Senioren Einzelmeisters"]
[Site "Bad Sooden- Allendorf"]
[Date "2013.04.21"]
[Round "2.59"]
[White "Reimann, Günther"]
[Black "Neumann, Dr. Peter"]
[Result "1/2-1/2"]
[WhiteElo "1771"]
[BlackElo "1478"]
[PlyCount "64"]
[EventDate "2013.??.??"]
[WhiteTeam "SC Magstadt"]
[BlackTeam "SF Ostsee Warnemünde"]

1. c4 c5 2. Nf3 Nf6 3. g3 Nc6 4. Bg2 d6 5. d3 g6 6. Nbd2 Bg7 7. Rb1 O-O 8. O-O
e6 9. a3 d5 10. Re1 d4 11. b4 Nd7 12. Ne4 Qe7 13. Qb3 Rb8 14. bxc5 Nxc5 15.
Nxc5 Qxc5 16. a4 Ne7 17. Nd2 Qc7 18. Ba3 Rd8 19. Ne4 b6 20. Rec1 Bb7 21. Qa2
Kh8 22. Bb4 Nc6 23. Bd2 Ba8 24. f4 h6 25. Nf2 Qe7 26. Rf1 f5 27. Bc1 e5 28.
fxe5 Nxe5 29. Bxa8 Rxa8 30. Rb5 Qe6 31. a5 Nd7 32. Nh3 a6 1/2-1/2

[Event "Offene Hessische Senioren Einzelmeisters"]
[Site "Bad Sooden- Allendorf"]
[Date "2013.04.21"]
[Round "2.60"]
[White "Huhn, Ulrich"]
[Black "Kage, August"]
[Result "1-0"]
[WhiteElo "1757"]
[BlackElo "1346"]
[PlyCount "55"]
[EventDate "2013.??.??"]
[WhiteTeam "SF Siemensstadt"]
[BlackTeam "ESV Rot-Weiß Göttingen"]

1. d4 Nf6 2. Nc3 g6 3. Nf3 Bg7 4. e4 d6 5. Bc4 O-O 6. Bg5 Nbd7 7. e5 dxe5 8.
dxe5 Nb6 9. Bb3 Ng4 10. Bf4 Nh6 11. O-O e6 12. a4 Bd7 13. a5 Nc8 14. Qd2 Nf5
15. Rfd1 Nh4 16. Ng5 h6 17. Nge4 g5 18. Bg3 Ng6 19. Qxd7 Qxd7 20. Rxd7 Bxe5 21.
Bxe5 Nxe5 22. Rxc7 Rb8 23. Nf6+ Kg7 24. Nd7 Nxd7 25. Rxd7 Re8 26. Nb5 Kf6 27.
Nd6 Nxd6 28. Rxd6 1-0

[Event "Offene Hessische Senioren Einzelmeisters"]
[Site "Bad Sooden- Allendorf"]
[Date "2013.04.21"]
[Round "2.61"]
[White "Kluge, Hans C"]
[Black "Hentzschel, Erhard"]
[Result "1/2-1/2"]
[WhiteElo "1371"]
[BlackElo "1723"]
[Annotator ",Microsoft"]
[PlyCount "52"]
[EventDate "2013.??.??"]
[WhiteTeam "Bahn-SC Wuppertal"]
[BlackTeam "Peiner SV"]

1. d4 d5 2. Nf3 Nf6 3. e3 e6 4. Bd3 Bd6 5. Nbd2 c6 6. O-O Qc7 7. e4 dxe4 8.
Nxe4 Nxe4 9. Bxe4 Nd7 10. Re1 Nf6 11. Bd3 O-O 12. Ne5 c5 13. c3 b6 14. Bg5 Be7
15. Re3 Bb7 16. Qe1 $11 Rad8 17. Rh3 g6 18. Bh6 Rfe8 19. Bb5 cxd4 20. Bxe8 Nxe8
21. cxd4 Rxd4 22. Rc1 Qd8 23. Rhc3 Bg5 24. Bxg5 Qxg5 25. Nf3 Bxf3 26. Rxf3 Kg7
1/2-1/2

[Event "Offene Hessische Senioren Einzelmeisters"]
[Site "Bad Sooden- Allendorf"]
[Date "2013.04.21"]
[Round "2.62"]
[White "Pajcin, Dr. Jovan"]
[Black "Borkenhagen, Bernd"]
[Result "1-0"]
[WhiteElo "1722"]
[BlackElo "1340"]
[PlyCount "115"]
[EventDate "2013.??.??"]
[WhiteTeam "Philidor Leiden"]
[BlackTeam "SK Rinteln"]

1. e4 e5 2. Nf3 d6 3. Nc3 c6 4. d4 exd4 5. Nxd4 Be7 6. Bc4 Nf6 7. O-O O-O 8.
Nf5 Bxf5 9. exf5 d5 10. Bb3 Na6 11. a3 Nc5 12. Ba2 Nce4 13. Ne2 Nd6 14. Ng3
Nde4 15. Be3 Bc5 16. Nxe4 Nxe4 17. Bxc5 Nxc5 18. Qd4 Nd7 19. c4 Qb6 20. Qxb6
Nxb6 21. cxd5 cxd5 22. Rfd1 Rad8 23. Rd4 Rd6 24. Re1 Rfd8 25. Re7 R6d7 26. Rxd7
Rxd7 27. g4 h6 28. f4 Rd6 29. g5 hxg5 30. fxg5 g6 31. f6 Kf8 32. Kf2 Kg8 33.
Kf3 Kf8 34. Kg4 Kg8 35. h4 a5 36. h5 gxh5+ 37. Kxh5 Kf8 38. Kg4 Kg8 39. Kf5 Kf8
40. Ke5 Re6+ 41. Kf4 Rd6 42. Ke3 Re6+ 43. Kd3 Re5 44. Rg4 Re6 45. Kd4 Rd6 46.
Kc5 Rc6+ 47. Kb5 Nc4 48. Bxc4 dxc4 49. Rxc4 Re6 50. Rc8+ Re8 51. Rxe8+ Kxe8 52.
Kxa5 Kd7 53. Kb6 Ke6 54. Kxb7 Kf5 55. a4 Kxg5 56. a5 Kxf6 57. a6 Kg5 58. a7 1-0

[Event "Offene Hessische Senioren Einzelmeisters"]
[Site "Bad Sooden- Allendorf"]
[Date "2013.04.21"]
[Round "2.63"]
[White "Stuiber, Ingeborg"]
[Black "Geisler, Reinhard"]
[Result "0-1"]
[WhiteElo "977"]
[BlackElo "1697"]
[PlyCount "59"]
[EventDate "2013.??.??"]
[WhiteTeam "SK Turm Euskirchen 65"]
[BlackTeam "SK Werther 1949 e.V."]

1. d4 d5 2. e3 Nf6 3. Bd3 c5 4. c4 e6 5. Nf3 Nc6 6. Nc3 a6 7. a3 dxc4 8. Bxc4
b5 9. Be2 Bb7 10. O-O cxd4 11. exd4 Be7 12. Be3 O-O 13. Qc2 Rc8 14. Bd3 g6 15.
Rac1 b4 16. Na4 Nxd4 17. Bxd4 Rxc2 18. Rxc2 Bxf3 19. Rc4 Bd5 20. Rc2 Bb3 21.
Bb6 Qxd3 22. Rc7 Bxa4 23. Rxe7 Nd5 24. Bc5 Nxe7 25. Bxe7 Rc8 26. Bxb4 Bb5 27.
Re1 Rc2 28. h3 Qd4 29. Bc3 Qxf2+ 30. Kh2 0-1

[Event "Offene Hessische Senioren Einzelmeisters"]
[Site "Bad Sooden- Allendorf"]
[Date "2013.04.21"]
[Round "2.64"]
[White "Haselhorst, Helmut"]
[Black "Graffenberger, Marianne"]
[Result "1-0"]
[WhiteElo "2003"]
[BlackElo "1229"]
[PlyCount "99"]
[EventDate "2013.??.??"]
[WhiteTeam "SK Ostbevern/Westbevern"]
[BlackTeam "Hamburger SK von 1830 eV"]

1. d4 d5 2. Nf3 Nf6 3. c4 c6 4. Nc3 Bf5 5. cxd5 Nxd5 6. Nd2 Nxc3 7. bxc3 Nd7 8.
e4 Bg6 9. Be2 e6 10. O-O Be7 11. f4 f6 12. Bc4 Bf7 13. Qg4 O-O 14. Bxe6 Bxe6
15. Qxe6+ Kh8 16. Nf3 Re8 17. Qb3 b6 18. Bd2 Bf8 19. Rae1 a5 20. f5 a4 21. Qc4
Qc8 22. Re3 b5 23. Qf7 Re7 24. Qh5 Qe8 25. Qg4 Qf7 26. Ra1 Nb6 27. Nh4 Nc4 28.
Ng6+ Kg8 29. Nxe7+ Qxe7 30. Re2 Re8 31. Be1 Qd7 32. Bf2 c5 33. Qf3 Qc8 34. Kh1
Qc7 35. g4 Qf7 36. h4 h6 37. Rg1 g5 38. fxg6 Qxg6 39. Qf5 Qxf5 40. gxf5+ Kh7
41. h5 Nd6 42. Rge1 cxd4 43. cxd4 Re7 44. Bg3 Nc4 45. e5 fxe5 46. f6 Rf7 47.
dxe5 Bb4 48. Rf1 Nd2 49. Rxd2 Bxd2 50. e6 1-0

[Event "Offene Hessische Senioren Einzelmeisters"]
[Site "Bad Sooden- Allendorf"]
[Date "2013.04.21"]
[Round "2.65"]
[White "Dombrowe, Eckehard"]
[Black "Kleist, Werner"]
[Result "1-0"]
[WhiteElo "1562"]
[BlackElo "1900"]
[PlyCount "93"]
[EventDate "2013.??.??"]
[WhiteTeam "SG Nettetal 1929"]
[BlackTeam "Berlin"]

1. d4 d5 2. c4 c6 3. cxd5 cxd5 4. Nc3 Nf6 5. Nf3 Bf5 6. e3 a6 7. h3 Nc6 8. Bd3
Bxd3 9. Qxd3 e6 10. a3 Be7 11. O-O O-O 12. Bd2 Rc8 13. Rac1 Na5 14. Na2 Nc4 15.
Rc2 Nxd2 16. Nxd2 Qd7 17. Rfc1 Rxc2 18. Qxc2 Bd6 19. Nf3 Qe8 20. Nc3 Qb8 21.
Ne2 Nd7 22. Qb3 Rc8 23. Rxc8+ Qxc8 24. Qc3 Qxc3 25. Nxc3 Nb6 26. Nd2 Nc4 27.
Nxc4 dxc4 28. Kf1 b5 29. Ke2 b4 30. axb4 Bxb4 31. Kd2 Kf8 32. Kc2 Ke7 33. b3
cxb3+ 34. Kxb3 Bxc3 35. Kxc3 f5 36. Kb4 Kd6 37. Ka5 e5 38. Kxa6 exd4 39. exd4
Kd5 40. Kb6 Kxd4 41. Kc6 Kd3 42. Kd5 f4 43. Ke5 g5 44. h4 h6 45. hxg5 hxg5 46.
Kf5 Ke2 47. f3 1-0

[Event "Offene Hessische Senioren Einzelmeisters"]
[Site "Bad Sooden- Allendorf"]
[Date "2013.04.21"]
[Round "2.66"]
[White "Rollwitz, Jürgen"]
[Black "Paulin, Dieter"]
[Result "1/2-1/2"]
[WhiteElo "1804"]
[BlackElo "1566"]
[Annotator ",Microsoft"]
[PlyCount "88"]
[EventDate "2013.??.??"]
[WhiteTeam "SG Wedding e.V."]
[BlackTeam "SK Dingelstädt 1921"]

1. e4 c5 2. Nc3 Nc6 3. f4 d6 4. Nf3 Bd7 5. Bc4 e6 6. O-O a6 7. a3 Nge7 8. d3 h6
9. Be3 Qc7 10. Ba2 f5 11. d4 fxe4 12. Nxe4 Nf5 13. Qd2 Nxe3 14. Qxe3 cxd4 15.
Nxd4 Nxd4 16. Qxd4 d5 17. Qc3 Qb6+ 18. Nf2 Rc8 19. Qb3 Bc5 20. Qxb6 Bxb6 21.
Bb3 Bb5 22. Rfe1 Kd7 23. Rad1 Bc4 24. Ba4+ Kd6 25. g3 a5 26. c3 Rhf8 27. Kg2
Bxf2 28. Kxf2 g5 29. Ke3 gxf4+ 30. gxf4 Rf6 31. Rd2 Rcf8 32. Rf2 Ke7 33. Rg1
R6f7 34. Bc2 Bb5 35. Rg6 Rf6 36. Rg7+ R8f7 37. Rxf7+ Rxf7 38. Rg2 Bc6 39. Rg6
Rf6 40. Rxf6 Kxf6 $11 41. Kd4 b6 42. b4 axb4 43. axb4 Bb5 44. h4 Be2 1/2-1/2

[Event "Offene Hessische Senioren Einzelmeisters"]
[Site "Bad Sooden- Allendorf"]
[Date "2013.04.21"]
[Round "2.67"]
[White "Schlag, Franz"]
[Black "Rother, Wilfried"]
[Result "1-0"]
[WhiteElo "1801"]
[BlackElo "1545"]
[PlyCount "63"]
[EventDate "2013.??.??"]
[WhiteTeam "SK Turm Bad Hersfeld"]
[BlackTeam "SK 1950 Vellmar"]

1. Nc3 d5 2. e4 d4 3. Nce2 Bg4 4. f3 Bh5 5. Ng3 Bg6 6. f4 h6 7. f5 Bh7 8. Bc4
Nc6 9. Nf3 Qd6 10. O-O Nf6 11. d3 Ng4 12. Qe2 Bg8 13. Bd2 O-O-O 14. a3 a6 15.
b4 f6 16. Bxg8 Rxg8 17. Nh4 Ne3 18. Bxe3 dxe3 19. Qxe3 g5 20. fxg6 Qd4 21. Qxd4
Nxd4 22. Ra2 Ne6 23. Nh5 Rd6 24. Rf3 Rc6 25. c4 Ng7 26. Ng3 Kd7 27. c5 Ne6 28.
Ngf5 Ng5 29. Re3 e5 30. d4 Re6 31. d5 Re8 32. Rd2 1-0

[Event "Offene Hessische Senioren Einzelmeisters"]
[Site "Bad Sooden- Allendorf"]
[Date "2013.04.21"]
[Round "2.68"]
[White "Garms, Ilse"]
[Black "Schneider, Miloca"]
[Result "1/2-1/2"]
[WhiteElo "1551"]
[BlackElo "1799"]
[PlyCount "88"]
[EventDate "2013.??.??"]
[WhiteTeam "Brandenburger LSSV"]
[BlackTeam "SG Witten"]

1. d4 d5 2. Nf3 e6 3. e3 Nf6 4. Bd3 Nbd7 5. Nbd2 c6 6. O-O Be7 7. Re1 O-O 8. e4
dxe4 9. Nxe4 Nxe4 10. Rxe4 Re8 11. c3 Nf8 12. Qc2 b6 13. Bd2 Bb7 14. Rae1 c5
15. R4e3 Bxf3 16. Rxf3 cxd4 17. Rh3 g6 18. cxd4 Qxd4 19. Bc3 Qd7 20. Qd2 Bd6
21. Bf6 Be7 22. Bc3 Rec8 23. Be5 f6 24. Bc3 Rc7 25. Qh6 Rxc3 26. bxc3 f5 27.
Bc4 Bf6 28. Qc1 g5 29. Rhe3 Re8 30. Qc2 Kg7 31. Qb3 Re7 32. Bxe6 Nxe6 33. Rxe6
Rf7 34. R6e3 f4 35. Re4 Qc7 36. c4 Qc5 37. Qd3 Qc7 38. Qe2 Qc5 39. Rd1 Qa3 40.
Rd3 Qc1+ 41. Qe1 Qc2 42. Qe2 Qb1+ 43. Rd1 Qb4 44. Rd5 Qb1+ 1/2-1/2

[Event "Offene Hessische Senioren Einzelmeisters"]
[Site "Bad Sooden- Allendorf"]
[Date "2013.04.21"]
[Round "2.69"]
[White "Daebel, Dr. Hasso"]
[Black "Thielemann, Joachim"]
[Result "0-1"]
[WhiteElo "1538"]
[BlackElo "1777"]
[PlyCount "144"]
[EventDate "2013.??.??"]
[WhiteTeam "Drewer (Marl) SG"]
[BlackTeam "TSV Hessenstein"]

1. d4 Nf6 2. Nf3 d5 3. Bf4 e6 4. Nbd2 b6 5. h3 Bb7 6. e3 Nbd7 7. Be2 c5 8. Ne5
Be7 9. g4 h6 10. g5 hxg5 11. Bxg5 Nxe5 12. dxe5 Nd7 13. Bxe7 Qxe7 14. Nf3 a6
15. c3 g6 16. Rh2 Rh5 17. h4 Rf5 18. Bd3 Rh5 19. Be2 Nxe5 20. Ng5 Rh8 21. f4
Nc4 22. Bxc4 dxc4 23. Qe2 b5 24. a3 O-O-O 25. Rd1 Rxd1+ 26. Qxd1 f6 27. Nf3 Be4
28. Nd2 Qb7 29. Qg4 Qd5 30. Nxe4 Qxe4 31. Qe2 Rh5 32. Kf2 Kd7 33. Qf3 Qxf3+ 34.
Kxf3 Ke7 35. e4 a5 36. Kg3 e5 37. Rf2 exf4+ 38. Rxf4 Ke6 39. Rg4 g5 40. hxg5
fxg5 41. Kf3 Ke5 42. Kg2 Kf6 43. Rg3 a4 44. Rf3+ Ke5 45. Rf5+ Kxe4 46. Rxc5 Kd3
47. Rxb5 Kc2 48. Rb4 Rh4 49. Kg3 Re4 50. Kf3 Rf4+ 51. Ke3 Rh4 52. Rb5 Rg4 53.
Kf2 Re4 54. Rb4 Kd3 55. Kf3 Rf4+ 56. Kg3 Kc2 57. Rb5 Rf8 58. Rb4 Rf4 59. Rb5
Rf1 60. Rb4 Rg1+ 61. Kf2 Rb1 62. Rxc4 Rxb2 63. Kg3 Kb3 64. Rc5 Rc2 65. Rxg5
Rxc3+ 66. Kf2 Kxa3 67. Ke2 Kb2 68. Rb5+ Rb3 69. Rd5 a3 70. Rd2+ Ka1 71. Rc2 Kb1
72. Rd2 Rb2 0-1

[Event "Offene Hessische Senioren Einzelmeisters"]
[Site "Bad Sooden- Allendorf"]
[Date "2013.04.21"]
[Round "2.70"]
[White "Voermans, Adri"]
[Black "Krüger, Bernhard"]
[Result "1-0"]
[WhiteElo "1756"]
[BlackElo "1537"]
[Annotator ",Microsoft"]
[PlyCount "20"]
[EventDate "2013.??.??"]
[WhiteTeam "Discendo Discimus"]
[BlackTeam "SC Grunbach"]

1. d4 Nf6 2. c4 e6 3. Nc3 Bb4 4. Nf3 Ne4 5. Qc2 Bxc3+ 6. bxc3 d5 7. cxd5 exd5
8. e3 O-O 9. Bd3 f5 10. Ba3 Re8 {Rest nicht rekonstruierbar} 1-0

[Event "Offene Hessische Senioren Einzelmeisters"]
[Site "Bad Sooden- Allendorf"]
[Date "2013.04.21"]
[Round "2.71"]
[White "Johannsen, Ingbert"]
[Black "Brueckner, Ewald"]
[Result "1/2-1/2"]
[WhiteElo "1708"]
[BlackElo "1526"]
[PlyCount "62"]
[EventDate "2013.??.??"]
[WhiteTeam "SG Witten"]
[BlackTeam "1.Hainstädter SC 1950"]

1. e4 b6 2. d4 Bb7 3. Bd3 e6 4. Nf3 Be7 5. O-O d6 6. b3 Nd7 7. Bb2 a5 8. Qe2
Qc8 9. c4 c6 10. Nc3 e5 11. Na4 Qc7 12. dxe5 dxe5 13. Ne1 Ngf6 14. Nc2 O-O 15.
Ne3 Nc5 16. Nxc5 Bxc5 17. Nf5 Bc8 18. g4 Bxf5 19. exf5 Bd4 20. Bxd4 exd4 21. g5
Rae8 22. Qf3 Nd7 23. f6 g6 24. Rae1 Re5 25. Qg3 Qb8 26. f4 Rxe1 27. Rxe1 Nc5
28. Qh4 Re8 29. Rd1 Nxd3 30. Rxd3 Re4 31. Rf3 c5 1/2-1/2

[Event "Offene Hessische Senioren Einzelmeisters"]
[Site "Bad Sooden- Allendorf"]
[Date "2013.04.21"]
[Round "2.72"]
[White "Narr, Irmgard"]
[Black "Ophoff, Rigobert"]
[Result "1/2-1/2"]
[WhiteElo "1529"]
[BlackElo "1706"]
[PlyCount "53"]
[EventDate "2013.??.??"]
[WhiteTeam "SC Mühlhof-Reichelsdorf e.V."]
[BlackTeam "Rhedaer SV von 1931 e."]

1. e4 c5 2. Nf3 d6 3. d4 cxd4 4. Nxd4 Nf6 5. Nc3 a6 6. Be3 e6 7. Qd2 Be7 8. Bc4
Qc7 9. Bd3 Nbd7 10. Nf3 O-O 11. O-O b5 12. Ne2 Bb7 13. Ng3 Nc5 14. Bxc5 dxc5
15. c3 Rfd8 16. Qe2 e5 17. Rad1 Rd7 18. Bc2 Rad8 19. Rxd7 Rxd7 20. Rd1 g6 21.
Rxd7 Nxd7 22. Qe3 c4 23. Qd2 Qd6 24. Qe3 Qc5 25. Qd2 Qc7 26. Qh6 Bf8 27. Qg5
1/2-1/2

[Event "Offene Hessische Senioren Einzelmeisters"]
[Site "Bad Sooden- Allendorf"]
[Date "2013.04.21"]
[Round "2.74"]
[White "Paulsen, Eckart"]
[Black "Otto, Klaus"]
[Result "0-1"]
[WhiteElo "1696"]
[BlackElo "1520"]
[PlyCount "120"]
[EventDate "2013.??.??"]
[WhiteTeam "Post SV Neustadt"]
[BlackTeam "Thüringer SV Triebes"]

1. d4 Nf6 2. Nf3 d5 3. Bf4 e6 4. e3 c5 5. c3 Nc6 6. Nbd2 c4 7. Be2 Nh5 8. Bg5
Be7 9. Bxe7 Qxe7 10. Ne5 Nf6 11. Nxc6 bxc6 12. Bf3 Rb8 13. Qc2 e5 14. dxe5 Qxe5
15. O-O O-O 16. Rfe1 Bg4 17. Rab1 Rfe8 18. Bxg4 Nxg4 19. Nf3 Qc7 20. Qf5 Nh6
21. Qc2 Re4 22. h3 f6 23. b3 cxb3 24. axb3 Nf7 25. c4 Re7 26. Rec1 Rb7 27. Qd3
dxc4 28. Qxc4 Rb6 29. Nd4 Kh8 30. Nxc6 Nd6 31. Qc2 Re8 32. Nd4 Qxc2 33. Rxc2
Reb8 34. Rc7 R6b7 35. Rbc1 h6 36. Kf1 Rxc7 37. Rxc7 Nb5 38. Nxb5 Rxb5 39. Rc3
a5 40. Ke2 Rb4 41. Kd3 a4 42. bxa4 Rxa4 43. f4 Kh7 44. e4 f5 45. exf5 Rxf4 46.
g4 h5 47. Ke3 Rf1 48. g5 Rxf5 49. h4 Rf1 50. Rc4 Rf8 51. Rf4 Re8+ 52. Kd4 Kg6
53. Kd5 Re1 54. Kd6 Re2 55. Kd7 Re3 56. Rf8 Re4 57. Re8 Rxh4 58. Re5 Rg4 59.
Ke7 Rxg5 60. Re6+ Kf5 0-1

[Event "Offene Hessische Senioren Einzelmeisters"]
[Site "Bad Sooden- Allendorf"]
[Date "2013.04.21"]
[Round "2.75"]
[White "Graffenberger, Wilhelm"]
[Black "Mayeres, Hans-Christian"]
[Result "0-1"]
[WhiteElo "1515"]
[BlackElo "1690"]
[PlyCount "92"]
[EventDate "2013.??.??"]
[WhiteTeam "Hamburger SK von 1830 eV"]
[BlackTeam "SK Recklinghausen Altsta"]

1. d4 Nf6 2. Nf3 g6 3. e3 Bg7 4. Bd3 O-O 5. O-O d6 6. Nbd2 Nbd7 7. Re1 e5 8. e4
exd4 9. Nxd4 Nc5 10. N2f3 Bg4 11. h3 Bxf3 12. Nxf3 Nxd3 13. cxd3 Re8 14. Qb3 b6
15. Bf4 c5 16. Rac1 Rc8 17. Ng5 Rc7 18. Qc4 Nh5 19. Bd2 Bxb2 20. Rc2 Bf6 21.
Nf3 Rd7 22. Bc3 d5 23. exd5 Rxe1+ 24. Nxe1 Bxc3 25. Qxc3 Rxd5 26. Re2 Nf4 27.
Re3 Rd4 28. Kf1 Nd5 29. Qa3 Nxe3+ 30. fxe3 Rd7 31. Qc3 Qe7 32. Qd2 c4 33. d4 b5
34. Nf3 f6 35. Kf2 b4 36. Qc2 c3 37. Qb3+ Kg7 38. d5 Qc5 39. Nd4 Qxd5 40. Qxb4
Qxa2+ 41. Kf3 c2 42. Ne2 Qd5+ 43. Kg3 Qd2 44. Qb5 Qxe3+ 45. Kh2 Re7 46. Ng3
c1=Q 0-1

[Event "Offene Hessische Senioren Einzelmeisters"]
[Site "Bad Sooden- Allendorf"]
[Date "2013.04.21"]
[Round "2.77"]
[White "Burkardt, Robert"]
[Black "Smits, Oswald"]
[Result "1-0"]
[WhiteElo "1507"]
[BlackElo "1678"]
[Annotator ",Microsoft"]
[PlyCount "95"]
[EventDate "2013.??.??"]
[WhiteTeam "SV 1926 Fechenheim"]
[BlackTeam "Sfr. Taunus Königstein/Schwalbac"]

1. e4 e5 2. Nf3 Nf6 3. Nc3 Nc6 4. Bc4 Bc5 5. O-O O-O 6. d3 h6 7. a3 a6 8. b4
Ba7 9. h3 d6 10. Nd5 Nxd5 11. Bxd5 Ne7 12. Bb3 Ng6 13. c4 Be6 14. Rb1 Kh7 15.
Be3 Bxe3 16. fxe3 Qe7 17. Qc2 Rac8 18. d4 c6 19. Qd3 Bd7 20. d5 cxd5 21. Qxd5
Be6 22. Qd3 Qc7 23. Nd2 Qe7 24. Rf2 Rfd8 25. Rbf1 f6 26. Nb1 Qf7 27. Nd2 Nf8
28. a4 b6 29. Rb1 Qc7 30. Qe2 Nd7 31. Ra1 Nb8 32. a5 bxa5 33. Rxa5 Qb6 34. c5
dxc5 35. Bxe6 Qxe6 36. bxc5 Rc6 37. Rf1 Rdc8 38. Rc1 Qe7 39. Nb3 Qf7 40. Rc3
R8c7 41. Qc2 Rb7 42. Qd3 Qe7 43. Ra3 Rb5 44. Ra4 Qd7 45. Qd5 Qc7 46. Qd3 Qe7
47. Qc2 Nd7 48. Rac4 {Zeitüberschreitung Schwarz} 1-0

[Event "Offene Hessische Senioren Einzelmeisters"]
[Site "Bad Sooden- Allendorf"]
[Date "2013.04.21"]
[Round "2.78"]
[White "Becker, Günter"]
[Black "Minarsch, Hans"]
[Result "1-0"]
[WhiteElo "1674"]
[BlackElo "1512"]
[PlyCount "87"]
[EventDate "2013.??.??"]
[WhiteTeam "SC Steinbach"]
[BlackTeam "1.Hainstädter SC 1950"]

1. c4 Nf6 2. g3 e6 3. Bg2 d5 4. Nf3 c5 5. cxd5 exd5 6. d4 Nc6 7. O-O h6 8. Nc3
Bf5 9. h3 Be7 10. b3 O-O 11. Bb2 Qd7 12. Kh2 Rfd8 13. e3 cxd4 14. Nxd4 Nxd4 15.
Qxd4 Be6 16. Rfd1 Qc6 17. Rac1 Bc5 18. Qd3 Qe8 19. Nb5 Ne4 20. Bxe4 dxe4 21.
Qc3 Bf8 22. Nc7 Qc6 23. Qxc6 bxc6 24. Nxa8 Rxa8 25. Rxc6 a5 26. Rd4 g6 27. Rxe6
fxe6 28. Rxe4 Ra6 29. Bc3 Bd6 30. Kg2 Kf7 31. Ra4 Bc7 32. g4 e5 33. Kf3 Rf6+
34. Ke2 Ra6 35. Rc4 Bd6 36. Kd3 Ke6 37. Ke4 g5 38. Rc8 a4 39. b4 Rb6 40. a3 Kd7
41. Ra8 Ke6 42. Rh8 Rc6 43. Rxh6+ Kf7 44. Bxe5 1-0

[Event "Offene Hessische Senioren Einzelmeisters"]
[Site "Bad Sooden- Allendorf"]
[Date "2013.04.21"]
[Round "2.79"]
[White "Schneider, Hans"]
[Black "Mewes, Hans-Dieter"]
[Result "1/2-1/2"]
[WhiteElo "1491"]
[BlackElo "1670"]
[Annotator ",Microsoft"]
[PlyCount "40"]
[EventDate "2013.??.??"]
[WhiteTeam "SV Schwarz-Weiß Oberha"]
[BlackTeam "Stader SV"]

1. Nf3 Nf6 2. d3 d5 3. g3 e6 4. Bg2 Bd6 5. Nbd2 Nbd7 6. O-O O-O 7. b3 Re8 8.
Bb2 c6 9. Re1 Qc7 10. a3 a6 11. e4 dxe4 12. Nxe4 Nxe4 13. Rxe4 f5 14. Re2 Nf6
15. Bxf6 gxf6 16. Qd2 e5 17. b4 a5 18. c3 axb4 19. cxb4 Qb6 20. Qe3 Be6 {Rest
nicht zu rekonstruieren} 1/2-1/2